5HLuxD.jpg

KING HENRY VIII SENIOR AND PRIMARY SCHOOL LIBRARY OPAC

MISTER SEAHORSE (Record no. 4568)

000 -LEADER
fixed length control field 00333nam a22001217a 4500
008 - FIXED-LENGTH DATA ELEMENTS--GENERAL INFORMATION
fixed length control field 250228b ||||| |||| 00| 0 eng d
020 ## - INTERNATIONAL STANDARD BOOK NUMBER
International Standard Book Number 9780140569896
082 ## - DEWEY DECIMAL CLASSIFICATION NUMBER
Classification number E FIC CAR
100 ## - MAIN ENTRY--PERSONAL NAME
Personal name CARLE,ERIC
Relator term AUTHOR
245 ## - TITLE STATEMENT
Title MISTER SEAHORSE
260 ## - PUBLICATION, DISTRIBUTION, ETC.
Place of publication, distribution, etc. 80 STRAND,LONDON WC2R 0RL,ENGLAND
Name of publisher, distributor, etc. PENGUIN GROUP/PUFFIN BOOKS
Date of publication, distribution, etc. 2006
942 ## - ADDED ENTRY ELEMENTS (KOHA)
Source of classification or shelving scheme
Holdings
Withdrawn status Lost status Source of classification or shelving scheme Damaged status Not for loan Collection code Permanent Location Current Location Shelving location Date acquired Total Checkouts Full call number Barcode Date last seen Date last checked out Price effective from Koha item type Public note
          Fiction KH8 Primary School Library KH8 Primary School Library Fiction 2025-02-28 3 E FIC CAR 3KHPL000001332 2026-01-19 2026-01-12 2025-02-28 Books - Fiction KH8 PRIMARY LIBRARY

Powered By KH8 IT Dept